00221nam a22000977a 4500008004100000041000800041080000600049100000700055101000800062245005300070180314b xxu||||| |||| 00| 0 eng d aeng a7 a45 aart athe art ancient greece and romecabrams.h.n